| 000 | 00893nam a22002897a 4500 | ||
|---|---|---|---|
| 001 | 8596 | ||
| 003 | FISKH | ||
| 005 | 20251002111231.0 | ||
| 008 | 251002b cb ||||| |||| 00| 0 eng d | ||
| 020 | _a9780721421193 | ||
| 040 |
_aFISKH _beng _cFISKH _dFISKH |
||
| 050 | _aPZ7 | ||
| 082 | _a428.62 | ||
| 100 |
_aDungworth, Richard _eAuthor |
||
| 245 |
_aSplat cat _bLadybird phonics |
||
| 260 |
_aLondon : _bLadybird Books , _c2000 |
||
| 300 |
_a31 pages _bcolor illustrations ; _c18 cm |
||
| 505 | _aG | ||
| 520 | _a This story is designed to help children have fun learning the relationship between a letter, or a group of letters, and the sound it makes. | ||
| 521 | 8 |
_a400
_bLexile estimate |
|
| 521 | 8 |
_aG
_bRaz-Plus |
|
| 650 |
_aFirst readers _vChildren |
||
| 650 |
_aSeries _vEducation |
||
| 700 |
_aCole, Becky _eIllustrator |
||
| 942 |
_2ddc _cBK _n0 |
||
| 999 |
_c8596 _d8596 |
||